| 000 | 01402nam a2200277 a 4500 | ||
|---|---|---|---|
| 001 | |||
| 003 | DO-SdBNP | ||
| 005 | 20211119074236.0 | ||
| 008 | 091007t1999 dr r 001 p spa d | ||
| 020 | _a8493052914 | ||
| 040 |
_aDO-SdBNP _bspa _cBPMSU |
||
| 082 |
_aRD861.4408 _bM843a 1999 _222 |
||
| 245 | 0 | 0 |
_aAntología poética de Domingo Moreno Jimenes / _cprólogo, selección y notas de Manuel Mora Serrano. |
| 260 |
_aSanto Domingo : _bLibrería la Trinitaria, _c1999. |
||
| 300 |
_a135 p. ; _c21 cm. |
||
| 500 | _aIncluye datos biográficos del compilador en la solapa de la cubierta. | ||
| 505 | 0 |
_tDatos biográficos de Domingo Moreno Jimenes -- _tLa obra poética de Domingo Moreno Jimenes -- _tBreve historia del Postumismo -- _tImportancia de Moreno y del Postumismo en la poesía dominicana -- _tMoreno Jimenes y del Postumismo en la literatura hispanoamericana -- _tConclusiones -- _tBiografía sobre el Postumismo -- _tObra publicada por Domingo Moreno Jimenes -- _tPoemas con Rimas -- _tPoemas sin Rimas -- _tEpílogo -- _tExtraño saludo (A la hermana de la hija reintegrada). |
|
| 590 | _aInventariado, 2021/VM | ||
| 600 | 1 | 4 |
_aMoreno Jimenes, Domingo _d1894-1986 _xCrítica e interpretación |
| 650 | 4 | _aPoesía dominicana | |
| 650 | 4 | _aFormas literarias | |
| 650 | 4 | _aLiteratura dominicana. | |
| 700 | 1 |
_aMora Serrano, Manuel _d1933- _c _e |
|
| 910 | _aVMateo V. | ||
| 942 |
_2ddc _cBK |
||
| 999 |
_c13882 _d13882 |
||